Estudio de prefactibilidad para la creación de una empresa productora y comercializadora de arroz con leche industrializado en el departamento de Matagalpa, durante el periodo 2021-2025
El estudio presenta el diseño de investigación para llevar a cabo un estudio de prefactibilidad para la instalación de una empresa productora y comercializadora de arroz con leche en el departamento de Matagalpa, con este se quiere determinar la viabilidad de instalar la empresa como una oportuni...
| Main Authors: | , , |
|---|---|
| Other Authors: | |
| Format: | Tesis Section = Libro |
| Language: | Undetermined Spanish |
| Published: |
Managua
UNI
2021
|
| Subjects: |
| LEADER | 01504nam a2200313Ia 4500 | ||
|---|---|---|---|
| 008 | 240830s9999 xx 000 0 und d | ||
| 040 | |a BIBLIOTECA-RUPAP/ Mon 658.11 P419 | ||
| 041 | |a spa | ||
| 082 | |a Mon 658.11 P419 | ||
| 100 | 1 | |a Peña Rodríguez, Mareling Estefani | |
| 100 | 1 | |b Villagra Hernández, Junior Antonio | |
| 100 | 1 | |c Morales Méndez, José Roberto | |
| 245 | 1 | 0 | |a Estudio de prefactibilidad para la creación de una empresa productora y comercializadora de arroz con leche industrializado en el departamento de Matagalpa, durante el periodo 2021-2025 |
| 260 | |a Managua |b UNI |c 2021 | ||
| 300 | |a 150 p. :il. | ||
| 500 | |a Contiene: anexos y CD. | ||
| 502 | |a Tesis (Ingeniero Industrial) - UNI, 2021. | ||
| 520 | 3 | |a El estudio presenta el diseño de investigación para llevar a cabo un estudio de prefactibilidad para la instalación de una empresa productora y comercializadora de arroz con leche en el departamento de Matagalpa, con este se quiere determinar la viabilidad de instalar la empresa como una oportunidad de negocio y posicionar el producto dentro del mercado competitivo. | |
| 650 | 7 | |a EMPRESAS-PROYECTOS | |
| 650 | 7 | |b ESTUDIOS DE FACTIBILIDAD | |
| 650 | 7 | |c DESARROLLO DE NUEVOS PRODUCTOS | |
| 650 | 7 | |d ESTUDIO DE MERCADO | |
| 650 | 7 | |e ESTUDIO FINANCIERO | |
| 650 | 7 | |f NUEVOS NEGOCIOS | |
| 650 | 7 | |g ARROZ CON LECHE-INDUSTRIA Y COMEDRCIO | |
| 700 | 1 | |a Tutor: |b Chavarría Valverde, Luis Alberto | |
| 942 | |c BK |2 ddc | ||
| 991 | |a TESIS | ||
| 999 | |c 19093 | ||